LEADER 00603nam a2200181 i 4500 001 000000255565 003 CaOOAMICUS 005 20171005000000.0 008 171005s1825 it u000 u ita u 013 $a234473 026 $aZICA diae i.p- pode (7) 1825 (R) 040 $aSeMil$bita 245 10$aVol. 2. 300 $a299, [1] p. 773 0 $tLettere a Sofia di Luigi Aime-Martin Volume 1.[-4].$dMilano : Per Nicoḷ Bettoni, 1825$g2$w()9255 850 $aSeMil 852 $aSeMil$W1$xVenegono$y1$m3W I 56 FA$j205911$B205911$CSeMilBibl$Z2$F219331 $8I 996 $6245$aVol. 2$9(OLS)http://semarc/title/13458 LEADER 00507nas a2200169 i 4500 001 000000194014 003 CaOOAMICUS 005 20101125000000.0 008 101125b1901 it uu u0 0ita r 013 $a172660 040 $aSeMil$bita 245 10$a[1901 :$b1]. 774 0 $t[Gennaio-Giugno].$w()274029 850 $aSeMil 852 $aSeMil$W1$xVenegono$y1$m111 2 28$j144588$B144588$CSeMilBibl$Z2$F156907 $82 961 $aRecupero: Scuola Cattolica 996 $6245$a[1901 :$b1]$9(OLS)http://semarc/title/279686 LEADER 00484nab a2200145 i 4500 001 000000309345 003 CaOOAMICUS 005 20180831172952.0 008 180831n xx uu u0 0und r 013 $a18438 040 $aSeMil$bita 100 1 $aAlbertario, Davide,$c.$0(OLS)http://semarc/name/14608 245 12$aI Cattolici-Liberali in politica. 773 0 $t[Luglio-Dicembre].$g430-441$w()273828 996 $6245$aI Cattolici-Liberali in politica$9(OLS)http://semarc/title/384413